000 00389nam a2200145Ia 4500
008 230711s9999||||xx |||||||||||||| ||und||
041 _aENG
082 _a720
_bKA-N
100 _aKatz Peter
245 4 _aThe new urbanism: toward an Architecture of community
250 _a1st Ed.
260 _c1994
_aNew Delhi
_bTata McGraw Hill Education Limited
650 _aArchitecture
942 _cBK
999 _c3242
_d3242